00381nam a2200133Ia 4500003000400000008004100004040001600045082001200061100001600073245008800089260004100177300001200218650001700230GCL140319s9999 xx 000 0 eng d aGCL / cGCL04a720.R A1 aROWE, COLIN10aTHE ARCHITECTURE OF GOOD INTENTIONS : TOWARDS A POSSIBLE RETROSPECT / cROWE, COLIN a[S.N] : bACADEMY EDITIONS ، c1994 a144 P P04aARCHITECTURE